The bridge across forever : a lovestory

Αποθηκεύτηκε σε:
Λεπτομέρειες βιβλιογραφικής εγγραφής
Κύριος συγγραφέας: Bach, Richard
Μορφή: Βιβλίο
Γλώσσα:English
Δημοσίευση: London : Pan Original, 1984.
Θέματα:
Ετικέτες: Προσθήκη ετικέτας
Δεν υπάρχουν, Καταχωρήστε ετικέτα πρώτοι!

MARC

LEADER 00000cam a2200000 i 4500
001 1/719
008 950705s1984 enk| ||| |||| ||eng||
020 |a 0330290819 
035 |l 10014180 
040 |a GR-MyUa  |b gre  |e AACR2 
041 0 |a eng 
082 7 |a 813.54   |2 (22) 
100 1 |a Bach, Richard. 
245 1 4 |a The bridge across forever :   |b a lovestory /   |c Richard Bach. 
260 |a London :   |b Pan Original,   |c 1984. 
300 |a 272 σ. ;   |c 20 εκ. 
500 |a The new international bestseller from the author of Jonathan Livingston Seagull. 
650 0 0 |a Authors, American  |y 20th century  |x Biography. 
852 |a INST  |b LESVOS  |e 19950705  |h 813.54 BAC  |p 005100008022  |q 005100008022  |t BK  |y 0 
922 |a 1ΕΛΗ  |b 199011  |c ΠΠ/9109